¿Y ahora que?: las mujeres antiperonistas y los derechos políticos femeninos (1947-1951) /

Se propone deconstruir grietas y fisuras que presentaban los discursos de las antiperonistas en los intentos que éstas hacían para concebir y pensar el rol político y social de la mujer. En la primera parte del texto, se expone la forma en que las mujeres entendían el “hacer política”. La segunda pa...

وصف كامل

محفوظ في:
التفاصيل البيبلوغرافية
المؤلف الرئيسي: Perrig, Sara A.
التنسيق: كتاب
اللغة:Spanish
الموضوعات:
الوسوم: إضافة وسم
لا توجد وسوم, كن أول من يضع وسما على هذه التسجيلة!

MARC

LEADER 00000nam a22000007a 4500
003 cru CIDCACS/IIS
005 20220420105458.0
007 ta
008 170810t mx |||p|r|||| 00| 0 spa d
040 |c cru CIDCACS/IIS 
100 1 |9 5150  |a Perrig, Sara A.  
245 1 1 |a ¿Y ahora que?:  |b las mujeres antiperonistas y los derechos políticos femeninos (1947-1951) /  |c Sara A. Perrig 
300 |a Páginas 97-127 
520 |a Se propone deconstruir grietas y fisuras que presentaban los discursos de las antiperonistas en los intentos que éstas hacían para concebir y pensar el rol político y social de la mujer. En la primera parte del texto, se expone la forma en que las mujeres entendían el “hacer política”. La segunda parte, aborda las distintas nociones de feminidad que tenían las mujeres antiperonistas. Se concluye afirmando que el escenario posterior a la aprobación de la Ley 13.010 que otorgaba derechos políticos a la mujer implicó nuevas preocupaciones para dicha agrupación.  
650 1 0 |9 88  |a MUJERES 
650 1 0 |9 113  |a PARTICIPACION DE LA MUJER 
650 1 0 |9 421  |a DERECHOS DE LA MUJER 
650 4 |9 1971  |a ROL DE LA MUJER 
650 1 0 |9 1024  |a PERONISMO 
773 0 |0 19263  |9 1100  |a Universidad Nacional Autónoma de México (UNAM)  |d México: UNAM N° 36 (2003- )  |o 18296  |t Latinoamérica:  |x 16658574 
942 |2 ddc  |c PP 
999 |c 19569  |d 19569